đŸŽ” DĂ©fis ExtrĂȘmes âœȘ C'est l'heure de s'aimer | Paroles đŸŽ” - Statistiques

Statistiques générales
  • Ce quiz a Ă©tĂ© pris 8 fois
  • Le rĂ©sultat moyen est 82 sur 97
Statistiques - réponses
Réponse % Correct
a
100%
amours
100%
ce
100%
de
100%
de
100%
de
100%
de
100%
de
100%
de
100%
de
100%
de
100%
de
100%
de
100%
de
100%
de
100%
de
100%
hey
100%
la
100%
la
100%
L'amour
100%
le
100%
l'heure
100%
l'heure
100%
l'heure
100%
l'heure
100%
Ouuhouu
100%
pas
100%
s'aimer
100%
s'aimer
100%
s'aimer
100%
s'aimer
100%
s'aimer
100%
s'aimer
100%
s'aimer
100%
s'aimer
100%
s'aimer
100%
s'aimer
100%
s'aimer
100%
s'aimer
100%
saison
100%
C'est
83%
c'est
83%
C'est
83%
C'est
83%
C'est
83%
dans
83%
des
83%
les
83%
les
83%
les
83%
les
83%
Nous
83%
nous
83%
nous
83%
Oh
83%
Oubliez
83%
oubliez
83%
plein
83%
Pour
83%
Pour
83%
Pour
83%
scarabées
83%
Scarabées
83%
scarabées
83%
scarabées
83%
tous
83%
tous
83%
tous
83%
ventre
83%
amusez
67%
attendre
67%
bĂȘte
67%
cet
67%
demain
67%
en
67%
et
67%
et
67%
gaz
67%
heureux
67%
humains
67%
jour
67%
jusqu'Ă 
67%
manger
67%
ne
67%
non
67%
On
67%
Ouais
67%
Ouais
67%
peut
67%
vous
67%
Ah
50%
Faut
50%
prendre
50%
se
50%
serait
50%
tĂȘte
50%
trop
50%
Aucun quiz correspondant
Distribution des résultats
% des personnes avec chaque résultat
Percentile par nombre de réponses
Votre historique - résultats
Vous n’avez pas pris ce quiz